|
|
|
|
| LEADER |
00000nab a2200000 a 4500 |
| 001 |
vtls000077771 |
| 003 |
SK-MaSNL |
| 005 |
20260304053046.0 |
| 008 |
250422c1981 xo 0 slo |
| 015 |
|
|
|a SNBRB19rr/mm-uuuuu
|
| 035 |
|
|
|a CL0087872
|
| 035 |
|
|
|a urn:nbn:sk:snk-ab6u4h
|
| 035 |
|
|
|a (uuid)656990d9-65fe-4572-9a5a-0e9a80388687
|
| 035 |
|
|
|a (urnnbn)urn:nbn:sk:snk:ar-a05y6y
|
| 035 |
|
|
|a (sysno)vtls000077771
|
| 040 |
|
|
|a SNKBUCL
|b slo
|c SNKBUCL
|e AACR2
|
| 041 |
0 |
|
|a cze
|
| 044 |
|
|
|a xo
|c SK
|
| 080 |
|
|
|a 613.8
|2 1981
|
| 080 |
|
|
|a 615.8
|2 1981
|
| 100 |
1 |
|
|a Hošek, K.
|4 aut
|9 1117057
|
| 245 |
1 |
0 |
|a Čtenářské zájmy u ambulantně léčených alkoholiků
|c K. Hošek, V. Hošková
|
| 300 |
|
|
|b Tb. 3.
|
| 650 |
0 |
7 |
|a alkoholici
|2 snkbucl
|9 4881
|
| 655 |
|
7 |
|a články z novín a časopisov
|2 snkbucl
|9 267496
|
| 700 |
1 |
|
|a Hošková, V.
|4 aut
|9 1336916
|
| 773 |
0 |
|
|t Protialkoholický obzor
|g Roč. 16, č. 1 (1981), s. 39-44
|
| 850 |
|
|
|a Slovenská národná knižnica
|
| 852 |
|
|
|a Slovenská národná knižnica
|
| 954 |
|
|
|a odborná, vedecká literatúra cudzojazyčná (svetová)
|2 lita
|
| 958 |
|
|
|a article2022
|
| 958 |
|
|
|a RK
|
| 958 |
|
|
|a MI
|
| 958 |
|
|
|a CZ
|
| 958 |
|
|
|a OND
|
| 958 |
|
|
|a EUIPO
|
| 992 |
|
|
|a RBX
|
| 999 |
|
|
|c 2711421
|d 2713351
|